| 000 | 00620nam a2200205 a 4500 | ||
|---|---|---|---|
| 001 | 000035473 | ||
| 005 | 20200930074352.0 | ||
| 008 | 111101s1999 sp 000 0 spa d | ||
| 020 | _a8448124510 | ||
| 040 |
_aDO-SdBNP _bspa _cBNPHU |
||
| 082 |
_axxxx _bxxxx |
||
| 100 | 1 |
_aSánchez Fanco, Manuel J. _961338 |
|
| 245 | 1 | 0 |
_aEficacia publicitaria : _bteoría y práctica / _cManuel J. Sánchez Fanco. |
| 260 |
_aMadrid, : _bMcgraw-Hill, _c1999. |
||
| 300 |
_axiv, 294 p. ; _c24 cm. |
||
| 490 | 0 | _aMcgraw-Hil | |
| 500 | _aIncluye índice analítico | ||
| 504 | _aBibliografía p: 257-286 | ||
| 830 | 0 |
_aMcgraw-Hill _961339 |
|
| 999 |
_c34964 _d34964 |
||